[Event "4NCL Division 3 North"]
[Site "Wakefield, ENG"]
[Date "2017.05.01"]
[Round "11.208"]
[White "Lyth, John D"]
[Black "Patrick, David A"]
[Result "0-1"]
[WhiteElo "1900"]
[BlackElo "1878"]
[PlyCount "106"]
[EventDate "2017.05.01"]
[WhiteTeam "Manchester Manticores 3"]
[BlackTeam "Bradford DCA Knights B"]

1. d4 d5 2. Nf3 Nf6 3. c4 c6 4. Nc3 e6 5. e3 g6 6. Bd3 Bg7 7. O-O O-O 8. b3 Re8
9. Bb2 Nbd7 10. Qe2 Rb8 11. Rfd1 Qe7 12. a4 c5 13. cxd5 exd5 14. Ba3 b6 15. Nb5
Rb7 16. Rac1 a6 17. Nc3 Ra7 18. a5 Qe6 19. Na4 Ne4 20. axb6 Nxb6 21. Nxc5 Qf6
22. Nd2 Ng5 23. Nb1 Ne6 24. Qf3 Qxf3 25. gxf3 Ng5 26. Kg2 h5 27. f4 Nh7 28. Nc3
h4 29. N3a4 h3+ 30. Kg3 Nxa4 31. bxa4 Nf6 32. f5 gxf5 33. Kxh3 f4+ 34. Kg2 fxe3
35. fxe3 Rxe3 36. Rb1 Bh3+ 37. Kh1 Rae7 38. Rb8+ Re8 39. Rxe8+ Rxe8 40. Bxa6
Ng4 41. Nd3 Bxd4 42. Rd2 Re3 43. Bd6 Re6 44. Bc8 Rxd6 45. Bxg4 Bxg4 46. Kg2 Be3
47. Rb2 Bf5 48. Kf3 Bd4 49. Rb8+ Kg7 50. Nf4 Be4+ 51. Ke2 Rh6 52. h3 Be5 53.
Ke3 Bxb8 0-1

﻿

[Event "4NCL Division 3 North"]
[Site "Wakefield, ENG"]
[Date "2016.11.27"]
[Round "2.72"]
[White "Jaunooby, Ali R"]
[Black "Connor, Stephen J"]
[Result "1-0"]
[WhiteElo "2207"]
[BlackElo "2013"]
[PlyCount "193"]
[EventDate "2016.11.27"]
[WhiteTeam "Manchester Manticores 1"]
[BlackTeam "Spirit of Atticus B"]

1. d4 d5 2. Bf4 Nf6 3. e3 e6 4. Nd2 Bd6 5. Bg3 O-O 6. Bd3 c5 7. c3 Nc6 8. Ngf3
b6 9. Ne5 Bb7 10. f4 Ne7 11. Qb1 g6 12. Bf2 cxd4 13. exd4 Nh5 14. g3 Nf5 15. g4
Nxf4 16. gxf5 exf5 17. Nef3 Qc8 18. Kd1 Ba6 19. Ne1 Re8 20. Ndf3 Bxd3 21. Nxd3
Qa6 22. Nxf4 Bxf4 23. Qc2 Re4 24. Ne1 Rae8 25. Nd3 Bh6 26. Nb4 Qe2+ 27. Qxe2
Rxe2 28. Be1 Rxb2 29. Nc2 Re4 30. Bd2 Bf8 31. Kc1 Rb5 32. a4 Rb3 33. Ne3 b5 34.
Nxd5 Re2 35. axb5 Rxb5 36. c4 Rb7 37. Nc3 Rg2 38. Nb5 f4 39. Bxf4 Re7 40. Be5
f6 41. Bxf6 Ree2 42. Rxa7 Rb2 43. Bg5 Rgc2+ 44. Kd1 Rxc4 45. Rc7 Rb1+ 46. Kd2
Rxh1 47. Rxc4 Rxh2+ 48. Ke3 Rh5 49. Rc8 Rxg5 50. Nc7 Rg1 51. Kf2 Rc1 52. Ke3
Kf7 53. d5 Bd6 54. Nb5 Ba3 55. Nd6+ Ke7 56. Nc4 Kd7 57. Rc6 Re1+ 58. Kf2 Ra1
59. Ne5+ Kd8 60. d6 Bb2 61. Nf7+ Kd7 62. Rc7+ Ke6 63. Re7+ Kf6 64. Rb7 Bd4+ 65.
Ke2 Bb6 66. Nh6 Ba5 67. Ra7 Re1+ 68. Kf3 Rf1+ 69. Kg2 Rd1 70. Rxa5 Rxd6 71. Ra7
Rb6 72. Rf7+ Kg5 73. Rxh7 Rb2+ 74. Kf3 Rb3+ 75. Ke4 Rb4+ 76. Kd5 Rb1 77. Nf7+
Kf6 78. Nd6 Rd1+ 79. Kc6 Rc1+ 80. Kd7 Rd1 81. Rh2 g5 82. Rf2+ Kg6 83. Ke6 Re1+
84. Kd5 Rd1+ 85. Ke5 g4 86. Ne4 Ra1 87. Rf6+ Kh5 88. Ng3+ Kh4 89. Kf4 Ra4+ 90.
Ne4 Kh3 91. Rg6 Rb4 92. Ra6 g3 93. Ra3 Kh2 94. Ra8 Kg1 95. Kxg3 Kf1 96. Nc3 Ke1
97. Rd8 1-0

﻿

[Event "4NCL Division 3 North"]
[Site "Bolton, ENG"]
[Date "2017.01.14"]
[Round "3.11"]
[White "Li, Henry"]
[Black "Bobras, Piotr"]
[Result "0-1"]
[WhiteElo "2247"]
[BlackElo "2517"]
[PlyCount "46"]
[EventDate "2017.01.14"]
[WhiteTeam "Gonzaga"]
[BlackTeam "Manx Liberty"]

1. e4 c5 2. Nc3 Nc6 3. Bb5 Nd4 4. Bc4 Nf6 5. Nge2 e6 6. O-O a6 7. a4 Nc6 8. Re1
Be7 9. d3 b6 10. Ng3 d6 11. f4 h5 12. e5 dxe5 13. Qf3 Bb7 14. fxe5 Ng4 15. h3
Qd4+ 16. Kh1 Nf2+ 17. Kh2 Nxe5 18. Qxb7 Neg4+ 19. hxg4 hxg4+ 20. Kg1 Nh3+ 21.
Kh2 Ng1+ 22. Nh5 g3+ 23. Kxg3 Qh4# 0-1

[Event "4NCL Division 3 North"]
[Site "Bolton, ENG"]
[Date "2017.01.14"]
[Round "3.12"]
[White "Galyas, Miklos"]
[Black "Moran, Stephen"]
[Result "1-0"]
[WhiteElo "2477"]
[BlackElo "2158"]
[PlyCount "87"]
[EventDate "2017.01.14"]
[WhiteTeam "Manx Liberty"]
[BlackTeam "Gonzaga"]

1. d4 Nf6 2. Nf3 g6 3. Bf4 Bg7 4. e3 d6 5. Be2 O-O 6. O-O Nh5 7. Bg5 h6 8. Bh4
g5 9. Ne1 Nf4 10. exf4 gxh4 11. Nf3 c5 12. c3 Qb6 13. Na3 h3 14. Nc4 Qc7 15. g3
Nd7 16. d5 Nf6 17. Ne3 Ng4 18. Nxg4 Bxg4 19. Nh4 Bd7 20. Bg4 Qc8 21. Bxd7 Qxd7
22. Qh5 e6 23. Rad1 Rad8 24. Qg4 f5 25. Qxh3 e5 26. Rfe1 e4 27. Ng2 b5 28. Ne3
a5 29. a3 Rb8 30. Kh1 Kh7 31. Qf1 a4 32. Rb1 Rb7 33. Qe2 Qf7 34. Qc2 Kh8 35. b3
axb3 36. Rxb3 Rfb8 37. Reb1 Qf6 38. Qe2 Qf7 39. Rxb5 Bxc3 40. Rxb7 Rxb7 41.
Rxb7 Qxb7 42. Qh5 Bg7 43. Nxf5 c4 44. Qe8+ 1-0

[Event "4NCL Division 3 North"]
[Site "Bolton, ENG"]
[Date "2017.01.14"]
[Round "3.13"]
[White "Delaney, Killian"]
[Black "Seger, Ruediger"]
[Result "1/2-1/2"]
[WhiteElo "2230"]
[BlackElo "2352"]
[PlyCount "83"]
[EventDate "2017.01.14"]
[WhiteTeam "Gonzaga"]
[BlackTeam "Manx Liberty"]

1. e4 c6 2. d4 d5 3. e5 Bf5 4. h4 h5 5. Bd3 Bxd3 6. Qxd3 e6 7. Bg5 Be7 8. Nf3
Nh6 9. Bxh6 Rxh6 10. Nbd2 Nd7 11. c4 dxc4 12. Nxc4 Nb6 13. Rc1 Nxc4 14. Qxc4
Qa5+ 15. Ke2 Rg6 16. g3 O-O-O 17. Rhd1 Qd5 18. Rd3 Qxc4 19. Rxc4 Rd5 20. b3 f6
21. Re3 Kd7 22. Rc2 f5 23. Rd3 f4 24. gxf4 Rg4 25. Ke3 Bxh4 26. Nxh4 Rxh4 27.
Rd1 Ke8 28. Rcc1 Rd7 29. Rh1 Rxh1 30. Rxh1 g6 31. Rh2 Rd5 32. f3 a5 33. Rc2 Rb5
34. Rc5 Rxc5 35. dxc5 Kd7 36. Kf2 Ke7 37. Kg3 Kf7 38. Kh4 Kg7 39. Kh3 Kh7 40.
Kg3 Kg7 41. Kh3 Kh6 42. Kh4 1/2-1/2

[Event "4NCL Division 3 North"]
[Site "Bolton, ENG"]
[Date "2017.01.14"]
[Round "3.14"]
[White "Kolbus, Dietmar"]
[Black "Murray, David"]
[Result "1/2-1/2"]
[WhiteElo "2306"]
[BlackElo "2141"]
[PlyCount "98"]
[EventDate "2017.01.14"]
[WhiteTeam "Manx Liberty"]
[BlackTeam "Gonzaga"]

1. c4 e5 2. Nf3 Nc6 3. d4 exd4 4. Nxd4 Qf6 5. Nb5 Bb4+ 6. N1c3 Bxc3+ 7. Nxc3 d6
8. e4 Qg6 9. Be3 Bd7 10. Qd2 O-O-O 11. O-O-O f5 12. exf5 Bxf5 13. h3 h5 14. Nd5
Kb8 15. Qc3 Nf6 16. Nxf6 gxf6 17. g3 Be4 18. Bd3 Bxd3 19. Qxd3 Qxd3 20. Rxd3
Ne5 21. Rc3 b6 22. Rd1 Rde8 23. b3 f5 24. Bg5 Rhg8 25. Bf4 Nd7 26. Rd5 Rgf8 27.
Re3 Rxe3 28. Bxe3 Ne5 29. Kd1 Kc8 30. Ke2 Kd7 31. Bf4 Ke6 32. Rd1 Rh8 33. Rg1
Kf6 34. Be3 Re8 35. f4 Nd7 36. Kf3 Kf7 37. Bd4 Nf6 38. Rd1 Re7 39. Rh1 Re8 40.
Bxf6 Kxf6 41. g4 hxg4+ 42. hxg4 fxg4+ 43. Kxg4 Re2 44. Rh7 Rg2+ 45. Kf3 Rxa2
46. Rxc7 Kf5 47. Rf7+ Ke6 48. Rb7 Kf5 49. Rf7+ Ke6 1/2-1/2

[Event "4NCL Division 3 North"]
[Site "Bolton, ENG"]
[Date "2017.01.14"]
[Round "3.15"]
[White "Freeman, Gordon"]
[Black "Fabri, Henrik"]
[Result "1-0"]
[WhiteElo "2121"]
[BlackElo "1944"]
[PlyCount "113"]
[EventDate "2017.01.14"]
[WhiteTeam "Gonzaga"]
[BlackTeam "Manx Liberty"]

1. d4 Nf6 2. c4 e6 3. g3 d5 4. Nf3 Bb4+ 5. Bd2 Bxd2+ 6. Nbxd2 O-O 7. Bg2 c6 8.
O-O Nbd7 9. Qc2 Qe7 10. e4 Nxe4 11. Nxe4 dxe4 12. Qxe4 Qb4 13. Qc2 Qa5 14. Rfe1
Rb8 15. a3 Qc7 16. b4 Rd8 17. Rad1 Nf8 18. h4 Bd7 19. Ne5 Be8 20. c5 Ng6 21.
Nc4 Ne7 22. Be4 h6 23. Qe2 b5 24. Nd6 Nc8 25. Nxc8 Rbxc8 26. Bc2 Bd7 27. Qd3 f5
28. Bb3 Kh8 29. Re5 Rf8 30. Rde1 Rcd8 31. Qe3 Rf6 32. f4 Re8 33. d5 cxd5 34.
Bxd5 Qc8 35. Bb3 Re7 36. Qd4 Qc6 37. Bd5 Qa6 38. Qc3 Bc8 39. Bg2 Kh7 40. Kh2 g5
41. Rd5 Rf8 42. Rd6 Qa4 43. Bf3 a5 44. Ra1 Ra7 45. Rdd1 gxf4 46. gxf4 Rff7 47.
Rd8 Rg7 48. Bd1 axb4 49. Qxg7+ Kxg7 50. Bxa4 Rxa4 51. Rxc8 bxa3 52. c6 Rxf4 53.
Rxa3 Rxh4+ 54. Kg2 Rc4 55. Ra7+ Kf6 56. Rf8+ Ke5 57. c7 1-0

[Event "4NCL Division 3 North"]
[Site "Bolton, ENG"]
[Date "2017.01.14"]
[Round "3.21"]
[White "Doran, Chris"]
[Black "Dutton, Ian R"]
[Result "1-0"]
[WhiteElo "1962"]
[BlackElo "2042"]
[PlyCount "93"]
[EventDate "2017.01.14"]
[WhiteTeam "Holmes Chapel"]
[BlackTeam "Manchester Manticores 3"]

1. e4 c5 2. Nf3 e6 3. Nc3 a6 4. d4 cxd4 5. Nxd4 Qc7 6. Bd3 Nf6 7. O-O d6 8. Kh1
Nc6 9. Be3 Nxd4 10. Bxd4 e5 11. Be3 Be6 12. f4 Be7 13. f5 Bd7 14. a4 Bc6 15.
Qf3 Rd8 16. a5 Rd7 17. Qg3 Kf8 18. Bg5 h6 19. Bh4 Qd8 20. Bxf6 Bxf6 21. Bc4 h5
22. Nd5 Rh6 23. Qd3 Bxd5 24. Bxd5 Qc8 25. b4 Rc7 26. c4 Bd8 27. Rac1 Be7 28.
Rc2 Qd7 29. Qb3 Rf6 30. Rf3 Bd8 31. Rh3 Rh6 32. Rd2 Bg5 33. Rd1 Qe7 34. b5 Rc5
35. Rb1 axb5 36. cxb5 Qc7 37. Rd3 Qxa5 38. Bxf7 Rc1+ 39. Rxc1 Bxc1 40. Rd1 Bg5
41. Bg6 Qc7 42. Ra1 Bd8 43. b6 Qd7 44. Qd5 Qe7 45. Ra8 Rxg6 46. fxg6 Ke8 47.
Qf7+ 1-0

[Event "4NCL Division 3 North"]
[Site "Bolton, ENG"]
[Date "2017.01.14"]
[Round "3.22"]
[White "Webster, Richard J"]
[Black "Turner, John M"]
[Result "0-1"]
[WhiteElo "2020"]
[BlackElo "2003"]
[PlyCount "168"]
[EventDate "2017.01.14"]
[WhiteTeam "Manchester Manticores 3"]
[BlackTeam "Holmes Chapel"]

1. c4 e5 2. Nc3 Nf6 3. Nf3 Nc6 4. g3 d5 5. cxd5 Nxd5 6. Bg2 Nb6 7. O-O Be7 8.
d3 O-O 9. Be3 Be6 10. Nd2 Nd5 11. Nxd5 Bxd5 12. Bxd5 Qxd5 13. Qb3 Qxb3 14. Nxb3
Rfd8 15. Rfc1 Rd7 16. Rc4 Nd8 17. Rac1 Ne6 18. Nc5 Bxc5 19. Bxc5 b6 20. Be3 c5
21. b4 cxb4 22. Rxb4 f6 23. f4 exf4 24. gxf4 f5 25. Rb5 g6 26. Re5 Kf7 27. Kf2
Rad8 28. a4 Rd5 29. Rxd5 Rxd5 30. Rc4 Ke7 31. Bd2 Rd4 32. Ke3 Rxc4 33. dxc4 Kd6
34. Bb4+ Kc6 35. h4 a6 36. Bd2 h5 37. a5 bxa5 38. Kd3 Nc5+ 39. Kc2 a4 40. Kb2
Ne4 41. Be3 Ng3 42. Ka3 Nxe2 43. Kxa4 Nc3+ 44. Ka5 Ne4 45. Kxa6 Nd6 46. c5 Nb7
47. Ka7 Nxc5 48. Kb8 Kd6 49. Kc8 Ne6 50. Bd2 Ke7 51. Be3 Ng7 52. Kc7 Ne8+ 53.
Kc6 Ke6 54. Bd4 Nd6 55. Kc5 Ne4+ 56. Kc4 Nd2+ 57. Kd3 Kd5 58. Bf6 Ne4 59. Bd4
Nd6 60. Bf2 Nc4 61. Bd4 Na5 62. Bf6 Nb3 63. Bd8 Nc5+ 64. Ke3 Kc4 65. Bf6 Ne4
66. Bg7 Nc3 67. Be5 Nd5+ 68. Kd2 Nb4 69. Ke3 Nc2+ 70. Kd2 Nd4 71. Ke3 Nc6 72.
Bf6 Nb4 73. Be5 Nd3 74. Bf6 Ne1 75. Kf2 Nc2 76. Ke2 Nb4 77. Be5 Nd3 78. Bc7 Kd4
79. Kf3 Ne1+ 80. Kf2 Nc2 81. Kf3 Kd3 82. Bb6 Nd4+ 83. Kg3 Ke4 84. Kf2 Ne6 0-1

[Event "4NCL Division 3 North"]
[Site "Bolton, ENG"]
[Date "2017.01.14"]
[Round "3.23"]
[White "Bennett, Patrick"]
[Black "Jaques, Andrew"]
[Result "1-0"]
[WhiteElo "2010"]
[BlackElo "1952"]
[PlyCount "65"]
[EventDate "2017.01.14"]
[WhiteTeam "Holmes Chapel"]
[BlackTeam "Manchester Manticores 3"]

1. c4 g6 2. g3 Bg7 3. Bg2 d6 4. e4 Nf6 5. Nc3 O-O 6. Nge2 Nbd7 7. O-O c6 8. d3
a6 9. Qc2 e5 10. Kh1 b5 11. f4 Bb7 12. Be3 Nb6 13. c5 dxc5 14. Bxc5 Re8 15. f5
Nbd7 16. Bg1 c5 17. fxg6 hxg6 18. a4 b4 19. Nd1 Qe7 20. Ne3 Rab8 21. b3 Bh6 22.
Nc4 Kg7 23. Be3 Rh8 24. Bf3 Qe6 25. Bxh6+ Rxh6 26. Ne3 Qh3 27. Rf2 Rbh8 28. g4
R6h7 29. Raf1 Bc8 30. g5 Qxf3+ 31. Rxf3 Rxh2+ 32. Kg1 Rh1+ 33. Kf2 1-0

[Event "4NCL Division 3 North"]
[Site "Bolton, ENG"]
[Date "2017.01.14"]
[Round "3.24"]
[White "Hilton, Tim"]
[Black "Laurence, Geoff"]
[Result "1-0"]
[WhiteElo "1937"]
[BlackElo "1965"]
[PlyCount "65"]
[EventDate "2017.01.14"]
[WhiteTeam "Ashfield Breadsall 2"]
[BlackTeam "Manchester Manticores 2"]

1. c4 e5 2. g3 Nc6 3. Bg2 f5 4. Nc3 Nf6 5. e3 d6 6. Nge2 g6 7. O-O Bg7 8. d4
exd4 9. exd4 O-O 10. b3 Rb8 11. Bb2 a6 12. Qd2 Bd7 13. Rac1 Re8 14. Rfe1 Ne7
15. d5 Kh8 16. Nd4 Neg8 17. Rxe8 Qxe8 18. Re1 Qf7 19. Ne6 Bh6 20. f4 Rc8 21.
Ng5 Qf8 22. Ne2 Bg7 23. Nd4 Nh6 24. Nde6 Qg8 25. Nxg7 Qxg7 26. Ne6 Qf7 27. Qd4
Nhg8 28. Kf1 b6 29. h3 h6 30. g4 fxg4 31. hxg4 Kh7 32. g5 hxg5 33. Nxg5+ 1-0

[Event "4NCL Division 3 North"]
[Site "Bolton, ENG"]
[Date "2017.01.14"]
[Round "3.31"]
[White "Madden, Paul"]
[Black "Polaczek, Richard"]
[Result "0-1"]
[WhiteElo "2093"]
[BlackElo "2407"]
[PlyCount "70"]
[EventDate "2017.01.14"]
[WhiteTeam "Ashfield Breadsall 1"]
[BlackTeam "Manchester Manticores 1"]

1. e4 e5 2. Nf3 Nc6 3. Bc4 Nf6 4. d3 Be7 5. O-O O-O 6. Re1 d6 7. c3 h6 8. Nbd2
Nh7 9. d4 Ng5 10. h3 Kh8 11. Nxg5 Bxg5 12. Nf3 Bxc1 13. Rxc1 Qf6 14. b4 Ne7 15.
Nh2 Ng6 16. Ng4 Qg5 17. Qf3 Nf4 18. Qe3 Be6 19. Bf1 a5 20. b5 Bxa2 21. h4 Qe7
22. d5 f5 23. c4 fxg4 24. Qa3 Qxh4 25. g3 Nh3+ 26. Bxh3 Qxh3 27. Qxa2 Rf3 28.
c5 dxc5 29. Re2 Raf8 30. Qd2 b6 31. d6 cxd6 32. Qxd6 Rxf2 33. Rxf2 Qxg3+ 34.
Rg2 Qe3+ 35. Kh2 Rf3 0-1

[Event "4NCL Division 3 North"]
[Site "Bolton, ENG"]
[Date "2017.01.14"]
[Round "3.32"]
[White "Macklin, Paul"]
[Black "Walker, Andrew N"]
[Result "1-0"]
[WhiteElo "2365"]
[BlackElo "2059"]
[PlyCount "75"]
[EventDate "2017.01.14"]
[WhiteTeam "Manchester Manticores 1"]
[BlackTeam "Ashfield Breadsall 1"]

1. e4 e5 2. Bb5 Nf6 3. d3 Bc5 4. Nf3 c6 5. Ba4 d6 6. c3 O-O 7. O-O Bg4 8. h3
Bh5 9. Re1 Nbd7 10. Nbd2 a5 11. Nf1 Ne8 12. g4 Bg6 13. Ng3 b5 14. Bc2 f6 15.
Kg2 Nc7 16. Nf5 Bxf5 17. gxf5 d5 18. Nh4 Rf7 19. Rg1 a4 20. Qf3 Nf8 21. Kh1
dxe4 22. dxe4 Rd7 23. a3 Ne8 24. Bh6 Qb6 25. Rg2 Bxf2 26. Bxg7 Rxg7 27. Rxf2
Rd8 28. Ng2 Rdd7 29. Ne3 Qd8 30. Re1 Nc7 31. Ng4 Ne8 32. Rg2 Rd2 33. Nh6+ Kh8
34. Rxg7 Kxg7 35. Rg1+ Kxh6 36. Qg3 Ng6 37. fxg6 f5 38. gxh7 1-0

[Event "4NCL Division 3 North"]
[Site "Bolton, ENG"]
[Date "2017.01.14"]
[Round "3.33"]
[White "Truman, Richard G"]
[Black "Jaunooby, Ali R"]
[Result "0-1"]
[WhiteElo "1969"]
[BlackElo "2207"]
[PlyCount "102"]
[EventDate "2017.01.14"]
[WhiteTeam "Ashfield Breadsall 1"]
[BlackTeam "Manchester Manticores 1"]

1. e4 c5 2. Nf3 d6 3. d4 cxd4 4. Nxd4 Nf6 5. Nc3 a6 6. Bg5 e6 7. f4 Be7 8. Qf3
Qc7 9. O-O-O Nbd7 10. g4 h6 11. Bxf6 Bxf6 12. h4 g6 13. g5 Bg7 14. h5 Qb6 15.
Nb3 gxh5 16. Rxh5 hxg5 17. Rxg5 Bh6 18. Qh3 Nf8 19. Kb1 Bxg5 20. Qxh8 Bxf4 21.
Be2 Be5 22. Qh3 Ng6 23. Bg4 Qc7 24. Nd4 Qc4 25. Nce2 Bd7 26. Rd3 Ke7 27. Rc3
Qb4 28. a3 Qa4 29. Qd3 Bf6 30. Bh5 Ne5 31. Qg3 Rh8 32. Bf3 Nxf3 33. Qxf3 Bxd4
34. b3 Qxa3 35. Nxd4 Qb4 36. Rd3 Rh2 37. Kb2 Qc5 38. Qd1 Qe5 39. Re3 Bc6 40.
Qd3 Rh1 41. Qc3 Rd1 42. Nxc6+ bxc6 43. Qxe5 dxe5 44. b4 Kd6 45. Rf3 Ke7 46. Re3
Rd4 47. Kb3 Kd8 48. c3 Rd7 49. Kc4 Kc7 50. Kc5 f5 51. exf5 Rd5+ 0-1

[Event "4NCL Division 3 North"]
[Site "Bolton, ENG"]
[Date "2017.01.14"]
[Round "3.34"]
[White "Jayawarna, Nugith"]
[Black "Garnett, John S"]
[Result "1/2-1/2"]
[WhiteElo "2125"]
[BlackElo "1975"]
[PlyCount "81"]
[EventDate "2017.01.14"]
[WhiteTeam "Manchester Manticores 1"]
[BlackTeam "Ashfield Breadsall 1"]

1. Nf3 Nf6 2. c4 g6 3. Nc3 Bg7 4. g3 d5 5. cxd5 Nxd5 6. Bg2 O-O 7. O-O Nxc3 8.
bxc3 c5 9. Qb3 Nc6 10. Rd1 Qc7 11. Rb1 b6 12. d3 Bb7 13. Be3 Rac8 14. Rbc1 e6
15. d4 cxd4 16. cxd4 Qb8 17. Qa4 Ne7 18. Bf4 Qa8 19. Bd6 Rfe8 20. Rxc8 Qxc8 21.
Qxa7 Nd5 22. Qa3 Qc2 23. Rc1 Qxe2 24. Qa7 Qa6 25. Qxa6 Bxa6 26. Ne5 Rc8 27.
Rxc8+ Bxc8 28. Bxd5 Bxe5 29. dxe5 exd5 30. Kf1 Kg7 31. Be7 h6 32. Ke2 g5 33.
Ke3 Kg6 34. Kd4 Kf5 35. Kxd5 Be6+ 36. Kd6 Bxa2 37. Bf6 b5 38. Kc5 Bc4 39. h4
gxh4 40. gxh4 h5 41. Kd4 1/2-1/2

[Event "4NCL Division 3 North"]
[Site "Bolton, ENG"]
[Date "2017.01.14"]
[Round "3.35"]
[White "Levens, David G"]
[Black "Kay, Lee P"]
[Result "1/2-1/2"]
[WhiteElo "1966"]
[BlackElo "2117"]
[PlyCount "86"]
[EventDate "2017.01.14"]
[WhiteTeam "Ashfield Breadsall 1"]
[BlackTeam "Manchester Manticores 1"]

1. e4 d5 2. exd5 Nf6 3. d4 Nxd5 4. c4 Nb6 5. Nc3 e5 6. d5 c6 7. Be2 Bb4 8. Bf3
Nxc4 9. Nge2 cxd5 10. Bxd5 Bxc3+ 11. Nxc3 Nb6 12. Bb3 Qxd1+ 13. Bxd1 Bd7 14.
O-O O-O 15. Bb3 Nc6 16. Re1 Rfe8 17. Ne4 Nd4 18. Nd6 Nxb3 19. axb3 Re7 20. Nxb7
Nd5 21. Nc5 Bb5 22. Bd2 Rc8 23. b4 Kf8 24. Ra5 Bc6 25. Rea1 Rb8 26. Rxa7 Nxb4
27. Bc3 f6 28. f3 Nd5 29. Rxe7 Nxe7 30. Ra7 Ra8 31. Rc7 Bd5 32. Bb4 Ke8 33. Ne6
Nf5 34. Nxg7+ Nxg7 35. Rxg7 Rb8 36. Ba3 Rb7 37. Rxb7 Bxb7 38. Kf2 Kd7 39. Ke3
Ke6 40. Bc5 Ba6 41. f4 Kf5 42. fxe5 fxe5 43. g3 h5 1/2-1/2

[Event "4NCL Division 3 North"]
[Site "Bolton, ENG"]
[Date "2017.01.14"]
[Round "3.36"]
[White "Peacock, Malcolm R"]
[Black "Jarvis, Derek A"]
[Result "1-0"]
[WhiteElo "2110"]
[BlackElo "1932"]
[PlyCount "99"]
[EventDate "2017.01.14"]
[WhiteTeam "Manchester Manticores 1"]
[BlackTeam "Ashfield Breadsall 1"]

1. c4 e5 2. g3 Nf6 3. Bg2 Nc6 4. Nc3 Bc5 5. a3 a5 6. e3 O-O 7. Nge2 d6 8. O-O
Re8 9. d3 Bf5 10. h3 h6 11. g4 Bd7 12. Ng3 Qc8 13. Bd2 Ne7 14. f4 exf4 15. Rxf4
Nh7 16. d4 Bb6 17. Qc2 Ng6 18. Rf2 Ng5 19. Nf5 Bxf5 20. Rxf5 Nh4 21. Rf2 Nxg2
22. Kxg2 c6 23. Raf1 Re7 24. Rf5 Qe8 25. h4 Ne4 26. Nxe4 Rxe4 27. Rxf7 Rxg4+
28. Kh3 Qe6 29. Qf5 Qxf5 30. R1xf5 Re4 31. Rxb7 Bd8 32. Rf4 Rxf4 33. exf4 Bf6
34. d5 cxd5 35. cxd5 a4 36. Kg4 g6 37. h5 gxh5+ 38. Kxh5 Bg7 39. Kg6 Bd4 40.
Kxh6 Rf8 41. Kg5 Kh8 42. Rb4 Bg7 43. Bc3 Bxc3 44. bxc3 Rc8 45. c4 Ra8 46. f5
Ra7 47. f6 Kh7 48. Kf5 Ra8 49. Rb7+ Kg8 50. Ke6 1-0

[Event "4NCL Division 3 North"]
[Site "Bolton, ENG"]
[Date "2017.01.14"]
[Round "3.41"]
[White "Combie, Alex B"]
[Black "Mazek, Marek"]
[Result "1/2-1/2"]
[WhiteElo "1975"]
[BlackElo "2110"]
[PlyCount "101"]
[EventDate "2017.01.14"]
[WhiteTeam "Ashfield Breadsall 2"]
[BlackTeam "Manchester Manticores 2"]

1. d4 Nf6 2. c4 e6 3. g3 d5 4. Bg2 c6 5. Qc2 Be7 6. Nf3 O-O 7. O-O b6 8. Nbd2
Ba6 9. b3 Nbd7 10. e4 Rc8 11. e5 Ne8 12. Bb2 Nc7 13. Rfd1 Bb7 14. Nf1 c5 15.
dxc5 Nxc5 16. Ne3 Qe8 17. cxd5 Nxd5 18. Nxd5 Bxd5 19. Qe2 h6 20. Nd4 Bxg2 21.
Kxg2 Rc7 22. Rac1 Qa8+ 23. Qf3 Qxf3+ 24. Kxf3 f6 25. Kg2 fxe5 26. Nb5 Rb7 27.
Bxe5 Ne4 28. f3 Ng5 29. Nd4 Bc5 30. f4 Bxd4 31. Rxd4 Nf7 32. Rc7 Rxc7 33. Bxc7
Rc8 34. Rc4 Kf8 35. Rc3 Ke7 36. Be5 Rxc3 37. Bxc3 g6 38. Kf3 Kd6 39. Ke4 h5 40.
h3 Nh6 41. Bb4+ Kd7 42. Ke5 Nf5 43. Be1 Ke7 44. Bf2 Nd6 45. a4 Nf7+ 46. Ke4 Kd6
47. Be3 Kc6 48. Bf2 Kd6 49. Be3 Kc6 50. Bf2 Kd6 51. Be3 1/2-1/2

[Event "4NCL Division 3 North"]
[Site "Bolton, ENG"]
[Date "2017.01.14"]
[Round "3.43"]
[White "Flynn, David"]
[Black "Mulleady, Peter J"]
[Result "1-0"]
[WhiteElo "1862"]
[BlackElo "2095"]
[PlyCount "131"]
[EventDate "2017.01.14"]
[WhiteTeam "Ashfield Breadsall 2"]
[BlackTeam "Manchester Manticores 2"]

1. e4 g6 2. d4 Bg7 3. Nf3 d6 4. Nc3 Nf6 5. Be3 Ng4 6. Bg5 h6 7. Bh4 c6 8. h3
Nf6 9. Qd2 b5 10. Bd3 a5 11. a4 b4 12. Ne2 Ba6 13. O-O Nbd7 14. Bxa6 Rxa6 15.
Qd3 Ra8 16. Rfd1 O-O 17. c4 g5 18. Bg3 c5 19. e5 Ne8 20. exd6 Nxd6 21. Ne5 cxd4
22. Nxd7 Qxd7 23. Nxd4 Nb7 24. Qe3 Qc8 25. b3 Qc5 26. Rab1 Rad8 27. Nc2 Qxe3
28. fxe3 Nc5 29. Rxd8 Rxd8 30. Bc7 Rd2 31. Nd4 Rd3 32. Kf2 Ne4+ 33. Kg1 Rxe3
34. Nf5 Nd2 35. Nxe3 Nxb1 36. Bxa5 Bd4 37. Kf2 Nd2 38. Bxb4 Nxb3 39. Bxe7 f5
40. Ke2 f4 41. Nf5 Bb6 42. Nxh6+ Kh7 43. Bxg5 Nd4+ 44. Kd3 Ne6 45. h4 Kg6 46.
Kc3 Ba5+ 47. Kd3 Nxg5 48. hxg5 Kxg5 49. Nf7+ Kf6 50. Nd6 Ke6 51. Ne4 Kd7 52.
Nc3 Bc7 53. Nd5 Bb8 54. Ke4 Kc6 55. Nb4+ Kb7 56. Kd5 Bc7 57. c5 Ba5 58. c6+ Kc8
59. Nd3 Bd2 60. Ne5 Kc7 61. Nc4 Be3 62. a5 Bf2 63. Nd6 Be1 64. Nb5+ Kb8 65. c7+
Kc8 66. Kc6 1-0

[Event "4NCL Division 3 North"]
[Site "Bolton, ENG"]
[Date "2017.01.14"]
[Round "3.45"]
[White "Hill, Maurice J"]
[Black "Hamer, Martyn"]
[Result "1/2-1/2"]
[WhiteElo "1825"]
[BlackElo "2080"]
[PlyCount "121"]
[EventDate "2017.01.14"]
[WhiteTeam "Ashfield Breadsall 2"]
[BlackTeam "Manchester Manticores 2"]

1. g3 d5 2. Bg2 e5 3. Nf3 e4 4. Nd4 Nf6 5. d3 Bc5 6. Nb3 Bb6 7. O-O Bf5 8. c4
c6 9. Nc3 h6 10. c5 Bc7 11. dxe4 Nxe4 12. Nxe4 Bxe4 13. Bxe4 dxe4 14. Qxd8+
Kxd8 15. Be3 Be5 16. Rad1+ Kc7 17. Rd2 Nd7 18. Rfd1 Nf6 19. Bd4 Rhe8 20. e3 Nd5
21. a3 f5 22. Na5 b5 23. cxb6+ axb6 24. Bxe5+ Rxe5 25. Nc4 Re7 26. Rc2 g5 27.
Nd2 Kb7 28. Rdc1 Re6 29. Rc4 h5 30. Nb3 Rf6 31. Nd4 Rc8 32. Ne2 Rh8 33. Nc3
Nxc3 34. R4xc3 Rd8 35. Kf1 Rd2 36. R3c2 Rd3 37. Rc3 Rd5 38. Ke2 Rfd6 39. R3c2
Rd3 40. Ke1 h4 41. Rc3 hxg3 42. hxg3 Rxc3 43. Rxc3 Rh6 44. Ke2 Rh1 45. Rc2 Kc7
46. Rd2 Rb1 47. Rc2 Kd6 48. Kd2 c5 49. Kc3 b5 50. Rd2+ Ke5 51. Rd8 Rc1+ 52. Kd2
Rf1 53. Ke2 Rb1 54. Rd2 f4 55. gxf4+ gxf4 56. exf4+ Kxf4 57. Rc2 c4 58. Rd2 Rc1
59. Rd1 Rxd1 60. Kxd1 Kf3 61. Ke1 1/2-1/2

[Event "4NCL Division 3 North"]
[Site "Bolton, ENG"]
[Date "2017.01.14"]
[Round "3.46"]
[White "Reed, John"]
[Black "Graham, Neil"]
[Result "1-0"]
[WhiteElo "2057"]
[BlackElo "1812"]
[PlyCount "94"]
[EventDate "2017.01.14"]
[WhiteTeam "Manchester Manticores 2"]
[BlackTeam "Ashfield Breadsall 2"]

1. d4 d5 2. c4 Bf5 3. cxd5 Bxb1 4. Rxb1 Qxd5 5. e3 Nc6 6. Nf3 e5 7. Be2 Bb4+ 8.
Bd2 Bxd2+ 9. Qxd2 e4 10. Ng1 f5 11. Nh3 Nf6 12. O-O O-O 13. Rbc1 Qd6 14. Nf4
Rae8 15. Bb5 g5 16. Bxc6 bxc6 17. Nh3 Ng4 18. g3 Qh6 19. Kg2 Nxh2 20. Rh1 Nf3
21. Qc3 Rf6 22. d5 Qg7 23. dxc6 Ree6 24. Rcd1 Rd6 25. Qb3+ Qf7 26. Qb8+ Kg7 27.
Qxa7 Rxc6 28. Rc1 Rh6 29. Qb7 Rxc1 30. Rxc1 g4 31. Rxc7 gxh3+ 32. Kh1 Rf6 33.
Rxf7+ Rxf7 34. Qc8 Rf8 35. Qc6 Rf6 36. Qd5 Rf7 37. Qc6 Rf6 38. Qd7+ Rf7 39. Qd8
Rf8 40. Qd5 Rf7 41. Qd6 Rf6 42. Qc5 Rf7 43. Qc3+ Kg8 44. a4 Rf8 45. Qc4+ Kg7
46. a5 Rf6 47. a6 Rxa6 1-0

[Event "4NCL Division 3 North"]
[Site "Bolton, ENG"]
[Date "2017.01.14"]
[Round "3.51"]
[White "Sanghera, Parminder"]
[Black "Clarke, Stuart W"]
[Result "0-1"]
[WhiteElo "2260"]
[BlackElo "2243"]
[PlyCount "54"]
[EventDate "2017.01.14"]
[WhiteTeam "Hounds and Bears"]
[BlackTeam "3Cs 2"]

1. Nf3 Nf6 2. c4 e6 3. Nc3 d5 4. d4 Be7 5. Bf4 a6 6. c5 Nc6 7. a3 Ne4 8. e3
Nxc3 9. bxc3 b6 10. cxb6 cxb6 11. c4 Bb7 12. Qb1 dxc4 13. Bxc4 b5 14. Bd3 Qa5+
15. Ke2 h6 16. Rc1 O-O 17. Nd2 Bxa3 18. Bd6 b4 19. Rc5 Qd8 20. Bxf8 Kxf8 21.
Rxa3 Nxd4+ 22. Kf1 bxa3 23. Qxb7 a2 24. Rc1 Rb8 25. Qe4 Nc2 26. Bxc2 Qxd2 27.
Ra1 Rb2 0-1